000 00791nam a22001937a 4500
008 150605b xxu||||| |||| 00| 0 eng d
020 _a9783631620267
020 _a3631620268
041 0 _aeng
245 0 0 _a"My Spirit at Rest in the North Country" (Zechariah 6.8) :
_cHermann Michael Niemann, Matthias Augustin (eds./Hrsg.).
300 _a288 f:
_bme il ;
_c22 cm.
490 _aBeiträge zur Erforschung des Alten Testaments und des antiken Judentums,
_vBd. 57
_x0722-0790 ;
505 _aIndex: f. 238-240
650 0 _aExegese.
650 0 _aShpjegim
700 1 _aNiemann, Hermann Michael.
700 1 _aAugustin, Matthias,
_d1950-
942 _2udc
_cBK
999 _c998
_d998